<?xml version="1.0" encoding="UTF-8"?>
<collection xmlns="http://www.loc.gov/MARC21/slim">
 <record>
  <leader>01282nam a22002177a 4500</leader>
  <controlfield tag="001">NCT_117374</controlfield>
  <controlfield tag="008">220505b        xxu||||| |||| 00| 0 vie d</controlfield>
  <datafield tag="999" ind1=" " ind2=" ">
   <subfield code="c">5994</subfield>
   <subfield code="d">5994</subfield>
  </datafield>
  <datafield tag="022" ind1=" " ind2=" ">
   <subfield code="a">0866-7284</subfield>
  </datafield>
  <datafield tag="041" ind1=" " ind2=" ">
   <subfield code="a">vie</subfield>
  </datafield>
  <datafield tag="082" ind1="0" ind2="4">
   <subfield code="2">23rd ed.</subfield>
   <subfield code="a">398</subfield>
   <subfield code="b">V115H</subfield>
  </datafield>
  <datafield tag="245" ind1="0" ind2="0">
   <subfield code="a">Văn hóa dân gian</subfield>
   <subfield code="n">Số 4</subfield>
   <subfield code="c">Viện nghiên cứu Văn hóa. Viện Hàn lâm Khoa học xã hội Việt Nam</subfield>
  </datafield>
  <datafield tag="260" ind1=" " ind2=" ">
   <subfield code="a">H.</subfield>
   <subfield code="b">Viện nghiên cứu Văn hóa. Viện Hàn lâm Khoa học xã hội Việt Nam</subfield>
   <subfield code="c">2018</subfield>
  </datafield>
  <datafield tag="300" ind1=" " ind2=" ">
   <subfield code="c">27cm</subfield>
  </datafield>
  <datafield tag="310" ind1=" " ind2=" ">
   <subfield code="a">Hàng tháng</subfield>
  </datafield>
  <datafield tag="362" ind1=" " ind2=" ">
   <subfield code="a">06/2018</subfield>
  </datafield>
  <datafield tag="520" ind1="3" ind2=" ">
   <subfield code="a">Trong số này có các hướng tiếp cận lý thuyết về tiêu dùng và văn hóa tiêu dùng. &quot; Ai cũng đều là Cha Mẹ cả&quot; Dung hợp và thương thỏa trong thực hành tôn giáo tín ngưỡng đương đại tại một bản du lịch của người Thái Việt Nam. Thành tựu và hạn chế của việc sưu tầm, biên soạn văn học dân gian</subfield>
  </datafield>
  <datafield tag="655" ind1=" " ind2=" ">
   <subfield code="a">Tạp chí</subfield>
  </datafield>
  <datafield tag="942" ind1=" " ind2=" ">
   <subfield code="2">ddc</subfield>
   <subfield code="c">CR</subfield>
  </datafield>
  <datafield tag="952" ind1=" " ind2=" ">
   <subfield code="0">0</subfield>
   <subfield code="1">0</subfield>
   <subfield code="2">ddc</subfield>
   <subfield code="4">0</subfield>
   <subfield code="6">398_000000000000000_V115H</subfield>
   <subfield code="7">0</subfield>
   <subfield code="9">23503</subfield>
   <subfield code="a">000001</subfield>
   <subfield code="b">000001</subfield>
   <subfield code="d">2022-05-05</subfield>
   <subfield code="o">398 V115H</subfield>
   <subfield code="r">2022-05-05</subfield>
   <subfield code="w">2022-05-05</subfield>
   <subfield code="y">CR</subfield>
  </datafield>
  <datafield tag="980" ind1=" " ind2=" ">
   <subfield code="a">Thư viện Trường Đại học Nam Cần Thơ</subfield>
  </datafield>
 </record>
</collection>
